[Event "Tournament 14472 - Europe Echecs"]
[Site "Europe Echecs"]
[Date "2020.07.10"]
[Round "6"]
[Time "16:40:13"]
[PlyCount "130"]
[White "SumarrivaPauliL"]
[Black "RobertYoann"]
[WhiteElo "2023"]
[BlackElo "2071"]
[Mode "WEB"]
[Result "1-0"]

1. d4 g6 2. c4 f5 3. Nc3 Nf6 4. e3 Bg7 5. Nf3 O-O 6. Be2 d6 7. O-O c6 8. Qb3 Qc7
9. Bd2 Kh8 10. Rac1 e5 11. dxe5 dxe5 12. e4 f4 13. c5 h6 14. Qc4 g5 15. b4 Qe7
16. b5 g4 17. Nh4 Kh7 18. bxc6 bxc6 19. Nf5 Bxf5 20. exf5 Nbd7 21. Ne4 Nxe4 22.
Qxe4 Nf6 23. Qxc6 Rac8 24. Qb5 Qf7 25. c6 Qh5 26. Qxe5 Rfe8 27. Qb5 f3 28. Bd3
fxg2 29. Rfe1 Rxe1+ 30. Rxe1 Qh3 31. Bf4 Qf3 32. Be3 Rxc6 33. Bxa7 Rd6 34. Be2
Qc3 35. Rb1 Rd5 36. Qc4 Qh3 37. Be3 Rd7 38. a4 h5 39. a5 Nd5 40. Bd4 Nf4 41.
Bxg7 Nxe2+ 42. Qxe2 Kxg7 43. Qe5+ Kh7 44. f6 Qf3 45. Re1 Rd1 46. Qe7+ Kg6 47.
Qe8+ Kg5 48. Qg8+ Kf5 49. Qe6+ Kg6 50. Qe8+ Kf5 51. f7 Rxe1+ 52. Qxe1 Kg6 53.
Qe6+ Kg7 54. Qe5+ Kxf7 55. Qxh5+ Kf6 56. Qh6+ Kf7 57. Qh7+ Kf8 58. Qh8+ Kf7 59.
Qd4 Qa3 60. Qd5+ Kg6 61. Kxg2 Qh3+ 62. Kg1 Qc3 63. Qe4+ Kg5 64. Qe3+ Qxe3 65.
fxe3 {RobertYoann a abandonné} 1-0

[Event "Tournament 14472 - Europe Echecs"]
[Site "Europe Echecs"]
[Date "2020.07.10"]
[Round "6"]
[Time "16:40:13"]
[PlyCount "116"]
[White "ArhanTanguy"]
[Black "BrunPierre"]
[WhiteElo "2016"]
[BlackElo "1803"]
[Mode "WEB"]
[Result "1/2-1/2"]

1. e4 e5 2. Nf3 Nc6 3. d4 exd4 4. Nxd4 Bc5 5. Nb3 Bb6 6. Qe2 d6 7. Nc3 h6 8. Be3
Nf6 9. O-O-O Be6 10. h3 Qe7 11. f4 Bxe3+ 12. Qxe3 O-O-O 13. Bb5 Bxb3 14. axb3
Rhe8 15. Rhe1 Nd7 16. Bxc6 bxc6 17. Qxa7 Nb6 18. Na4 Nxa4 19. bxa4 Qh4 20. Qe3
f5 21. Qf3 g5 22. g3 fxe4 23. Rxe4 Qxh3 24. Rxe8 Rxe8 25. Qxc6 Kd8 26. fxg5 hxg5
27. a5 Qxg3 28. a6 Qe3+ 29. Kb1 Qe2 30. Rc1 Qe3 31. Qb7 Qb6 32. Qxb6 cxb6 33. b4
b5 34. Kb2 Kc7 35. Rg1 Rg8 36. Rg4 Kb6 37. Rd4 Rg6 38. Rg4 Kxa6 39. Kb3 Kb6 40.
c4 Rg7 41. Kc3 Kc6 42. cxb5+ Kxb5 43. Kd4 Kc6 44. Kc4 d5+ 45. Kd4 Kd6 46. b5 Rg8
47. b6 Rg7 48. b7 Rxb7 49. Rxg5 Rb4+ 50. Kd3 Kc5 51. Rg8 Rb3+ 52. Kd2 Ra3 53.
Rg4 d4 54. Rg8 Ra2+ 55. Kd3 Ra3+ 56. Kd2 Ra2+ 57. Kd3 Ra3+ 58. Kd2 {Nulle par répétition} 1/2-1/2

[Event "Tournament 14472 - Europe Echecs"]
[Site "Europe Echecs"]
[Date "2020.07.10"]
[Round "6"]
[Time "16:40:13"]
[PlyCount "166"]
[White "MathieuPhileas"]
[Black "BabaudAntoine"]
[WhiteElo "2214"]
[BlackElo "1943"]
[Mode "WEB"]
[Result "1-0"]

1. e4 c5 2. Nf3 Nc6 3. Bb5 e6 4. O-O Nge7 5. c3 Ng6 6. d4 cxd4 7. cxd4 d5 8.
exd5 exd5 9. Nc3 Be7 10. Re1 O-O 11. h3 Bf6 12. Be3 Be6 13. Qd2 Rc8 14. Rac1 a6
15. Bd3 Na5 16. b3 Nc6 17. Bb1 Re8 18. Na4 Qe7 19. Nc5 Nf8 20. b4 Qc7 21. a3 Nd7
22. Bf4 Qb6 23. Ba2 Nxc5 24. dxc5 Qd8 25. Bd6 d4 26. Bxe6 fxe6 27. Qa2 Qd7 28.
Rcd1 Kh8 29. Re4 b6 30. Qc4 bxc5 31. Bxc5 a5 32. Qd3 axb4 33. axb4 e5 34. Qc4
Nd8 35. Qe2 Nb7 36. Nxe5 Bxe5 37. Rxe5 Nxc5 38. bxc5 h6 39. Qe4 Rxe5 40. Qxe5
Re8 41. Qd6 Qxd6 42. cxd6 Rd8 43. Rxd4 Kg8 44. Kh2 Kf7 45. Kg3 Kf6 46. Kg4 g6
47. g3 Rd7 48. Rd2 h5+ 49. Kf4 g5+ 50. Ke4 Ke6 51. f4 gxf4 52. gxf4 Kf6 53. Kd5
Rd8 54. Kc6 Ke6 55. d7 Ke7 56. Re2+ Kf7 57. Kc7 Rxd7+ 58. Kxd7 Kf6 59. Re5 h4
60. Kd6 Kg6 61. Kd5 Kh6 62. Ke4 Kg6 63. Ke3 Kh6 64. Ke2 Kg6 65. Ke1 Kh6 66. Kd1
Kg6 67. Kc1 Kh6 68. Kd2 Kg6 69. Kc3 Kh6 70. Kb4 Kg6 71. Ka4 Kh6 72. Kb5 Kg6 73.
Rg5+ Kh6 74. Rg4 Kh5 75. f5 Kh6 76. f6 Kh5 77. Ka6 Kh6 78. Ka7 Kh5 79. f7 Kh6
80. Ka8 Kh5 81. Kb8 Kh6 82. f8=Q+ Kh5 83. Qh8# {BabaudAntoine est échec et mat} 1-0

[Event "Tournament 14472 - Europe Echecs"]
[Site "Europe Echecs"]
[Date "2020.07.10"]
[Round "6"]
[Time "16:40:13"]
[PlyCount "73"]
[White "CaptonRafael"]
[Black "KuhnClement"]
[WhiteElo "1737"]
[BlackElo "2150"]
[Mode "WEB"]
[Result "0-1"]

1. e4 c5 2. Nf3 Nc6 3. d4 cxd4 4. Nxd4 e5 5. Nb5 d6 6. N1c3 a6 7. Na3 b5 8. Nd5
Nge7 9. Bg5 h6 10. Bxe7 Nxe7 11. c4 Nxd5 12. Qxd5 Qa5+ 13. Kd1 Rb8 14. cxb5 Bb7
15. Qd3 axb5 16. Qxb5+ Qxb5 17. Bxb5+ Ke7 18. f3 f5 19. Re1 Kf6 20. Bc4 d5 21.
exd5 Bxa3 22. bxa3 Bxd5 23. Bxd5 Rhd8 24. Re2 Rxd5+ 25. Ke1 Rd3 26. Rc1 Rxa3 27.
Rc6+ Kg5 28. Kf2 Rb5 29. Rc7 g6 30. Rc4 f4 31. g3 fxg3+ 32. Kxg3 Rba5 33. Rcc2
h5 34. h4+ Kf5 35. Rg2 e4 36. Rc5+ Rxc5 {CaptonRafael a abandonné} 0-1

[Event "Tournament 14472 - Europe Echecs"]
[Site "Europe Echecs"]
[Date "2020.07.10"]
[Round "6"]
[Time "16:40:13"]
[PlyCount "75"]
[White "AdrianLeopold"]
[Black "LecciaThomas"]
[WhiteElo "2061"]
[BlackElo "1893"]
[Mode "WEB"]
[Result "0-1"]

1. c4 e5 2. Nc3 Nc6 3. e3 g6 4. d4 d6 5. Nf3 Bg7 6. d5 Nce7 7. Be2 Nf6 8. O-O
O-O 9. b4 Nd7 10. Ba3 e4 11. Nd4 c5 12. dxc6 bxc6 13. Rc1 Bb7 14. Nxe4 c5 15.
Nxd6 Bxg2 16. Kxg2 cxd4 17. exd4 Nb6 18. c5 Nbd5 19. Qd2 Qc7 20. Bf3 Rab8 21. b5
h5 22. Bb2 h4 23. Qg5 h3+ 24. Kxh3 Qd7+ 25. Kg2 Bf6 26. Qg4 Qxg4+ 27. Bxg4 Nf4+
28. Kg1 Nd3 29. Rc2 Nxb2 30. Rxb2 Bxd4 31. Rc2 Be5 32. a4 f5 33. Be2 Rfd8 34.
Rd1 Kg7 35. Bf3 Rh8 36. Re2 Bxh2+ 37. Kg2 Kf6 {AdrianLeopold a perdu au temps} 0-1

[Event "Tournament 14472 - Europe Echecs"]
[Site "Europe Echecs"]
[Date "2020.07.10"]
[Round "6"]
[Time "16:40:13"]
[PlyCount "109"]
[White "LecciaAntoine"]
[Black "LambachMaxime"]
[WhiteElo "1950"]
[BlackElo "1980"]
[Mode "WEB"]
[Result "1/2-1/2"]

1. d4 d5 2. Nf3 Nf6 3. e3 Bf5 4. c4 e6 5. Nc3 c6 6. Nh4 Bg6 7. Nxg6 hxg6 8. Bd2
Bd6 9. h3 Nbd7 10. Qc2 O-O 11. Bd3 dxc4 12. Bxc4 b5 13. Bd3 Qb6 14. O-O a6 15.
Rac1 Rac8 16. Qd1 c5 17. dxc5 Nxc5 18. Bb1 Rfd8 19. Qf3 Bb8 20. Rcd1 b4 21. Ne4
Ncxe4 22. Bxe4 Nxe4 23. Qxe4 a5 24. Bc1 Qc7 25. g3 Rd7 26. a3 b3 27. Bd2 Rcd8
28. Rc1 Qa7 29. Bc3 Qa6 30. Bd4 Rd5 31. Qf3 Qb5 32. Bc3 Rf5 33. Qe4 Rfd5 34. Qf3
Qd7 35. Qe4 Rh5 36. Kg2 Rd5 37. Qc4 Qb7 38. Kg1 Rh5 39. h4 g5 40. Qg4 Rh6 41.
Qxg5 f6 42. Qg4 Qf7 43. Rcd1 Rc8 44. Rd3 f5 45. Qa4 Qg6 46. Rd7 Rh7 47. Qd4 Rf8
48. Rd8 Bxg3 49. Rxf8+ Kxf8 50. Qd8+ Kf7 51. Qd7+ Kg8 52. Qd8+ Kf7 53. Qd7+ Kg8
54. Qd8+ Kf7 {Nulle par répétition} 1/2-1/2

[Event "Tournament 14472 - Europe Echecs"]
[Site "Europe Echecs"]
[Date "2020.07.10"]
[Round "6"]
[Time "16:40:13"]
[PlyCount "99"]
[White "courjalpauline"]
[Black "CuttoliAlexand"]
[WhiteElo "1848"]
[BlackElo "2044"]
[Mode "WEB"]
[Result "0-1"]

1. e4 e5 2. Nc3 Nc6 3. Bc4 Nf6 4. f4 exf4 5. Nf3 Bb4 6. e5 Qe7 7. O-O Bxc3 8.
dxc3 Nxe5 9. Nxe5 Qxe5 10. Re1 Ne4 11. Bd5 f5 12. Qd3 Kd8 13. Bxe4 fxe4 14. Rxe4
Qc5+ 15. Rd4 g5 16. b4 Qc6 17. Bb2 Qg6 18. Qb5 Re8 19. Rad1 d6 20. Qa5 b6 21.
Qd5 Rb8 22. Qc4 Bb7 23. R4d2 f3 24. Qg4 h5 25. Qg3 Qf5 26. c4 g4 27. c5 bxc5 28.
bxc5 Qxc5+ 29. Bd4 Qg5 30. Bf2 Kc8 31. Rd4 fxg2 32. Rc4 Qd5 33. Rxd5 Bxd5 34.
Rc3 Rb1+ 35. Be1 Rexe1+ 36. Kf2 g1=Q+ 37. Qxg1 Rxg1 38. Re3 Rbf1+ 39. Ke2 Re1+
40. Kd2 Rxe3 41. Kxe3 Rg2 42. Kf4 Rxc2 43. Kg5 Rxa2 44. h4 g3 45. Kxh5 g2 46.
Kh6 g1=Q 47. h5 Rf2 48. Kh7 Qg8+ 49. Kh6 Rf6# {courjalpauline est échec et mat} 0-1

[Event "Tournament 14472 - Europe Echecs"]
[Site "Europe Echecs"]
[Date "2020.07.10"]
[Round "6"]
[Time "16:40:13"]
[PlyCount "49"]
[White "RebutPaul"]
[Black "AlaimeMaxime"]
[WhiteElo "1966"]
[BlackElo "1834"]
[Mode "WEB"]
[Result "0-1"]

1. d4 Nf6 2. Bf4 g6 3. Nc3 d5 4. e3 Bg7 5. h4 h5 6. Nf3 Bg4 7. Be2 O-O 8. Ne5
Bxe2 9. Qxe2 Nbd7 10. O-O-O c6 11. f3 Rc8 12. e4 dxe4 13. fxe4 Qa5 14. d5 cxd5
15. Nxd5 Nxd5 16. Rxd5 Qxa2 17. Rhd1 Nxe5 18. Bxe5 Bxe5 19. Rxe5 Qa1+ 20. Kd2
Qxb2 21. Qb5 Rxc2+ 22. Ke3 Rc3+ 23. Kf4 Qf2+ 24. Kg5 Qe3# {RebutPaul est échec et mat} 0-1

[Event "Tournament 14472 - Europe Echecs"]
[Site "Europe Echecs"]
[Date "2020.07.10"]
[Round "6"]
[Time "16:40:13"]
[PlyCount "121"]
[White "LonckeMatthieu"]
[Black "BurgalatEliot"]
[WhiteElo "1726"]
[BlackElo "1963"]
[Mode "WEB"]
[Result "0-1"]

1. d4 Nf6 2. Bf4 g6 3. e3 Bg7 4. Nf3 O-O 5. h3 d6 6. Nbd2 Re8 7. Bc4 c6 8. O-O
a5 9. a4 Nbd7 10. c3 e5 11. dxe5 dxe5 12. Bh2 Nd5 13. e4 Nf4 14. Qb3 Rf8 15.
Rad1 Nc5 16. Qc2 Qe7 17. Nb3 Be6 18. Bxe6 Ncxe6 19. Rd2 Qf6 20. Bxf4 Nxf4 21.
Nh2 h5 22. Nc5 Rfd8 23. Nd3 Bh6 24. Nxf4 Bxf4 25. Rxd8+ Rxd8 26. Nf3 Qd6 27. g3
Bh6 28. Kg2 Kg7 29. h4 f6 30. Qb3 Qd7 31. Qb6 Ra8 32. Re1 Kh7 33. Qb3 Kg7 34.
Rd1 Qc7 35. Qc2 Rd8 36. Rd3 Qe7 37. Qd1 Rxd3 38. Qxd3 Kf7 39. Qc4+ Qe6 40. Qxe6+
Kxe6 41. b3 Kd6 42. Ne1 Bd2 43. Nd3 Bxc3 44. Kf3 Bd4 45. Ke2 b5 46. Kd2 bxa4 47.
bxa4 c5 48. Kc2 c4 49. Nb2 Kc5 50. f3 Bxb2 51. Kxb2 Kb4 52. Kc2 Kxa4 53. f4 Kb5
54. Kc3 a4 55. fxe5 fxe5 56. Kc2 Kb4 57. Kb2 c3+ 58. Kc2 a3 59. Kc1 Kb3 60. Kb1
a2+ {LonckeMatthieu a abandonné} 0-1

[Event "Tournament 14472 - Europe Echecs"]
[Site "Europe Echecs"]
[Date "2020.07.10"]
[Round "6"]
[Time "16:40:13"]
[PlyCount "89"]
[White "BriandAmaury"]
[Black "DintronoNoe"]
[WhiteElo "1929"]
[BlackElo "1685"]
[Mode "WEB"]
[Result "0-1"]

1. e4 Nc6 2. d4 e5 3. d5 Nce7 4. Be3 f5 5. f3 Nf6 6. Nd2 g6 7. Bd3 d6 8. Qe2 Bg7
9. h4 f4 10. Bf2 h5 11. O-O-O a5 12. Nh3 O-O 13. g3 fxg3 14. Bxg3 a4 15. a3 c6
16. f4 Bg4 17. Nf3 exf4 18. Nxf4 Qb6 19. c3 cxd5 20. exd5 Rac8 21. Ne6 Nfxd5 22.
Nxf8 Nxc3 23. bxc3 Rxc3+ 24. Kd2 Kxf8 25. Rb1 Qc6 26. Rhf1 Kg8 27. Qxe7 Bxf3 28.
Qd8+ Kh7 29. Qxd6 Bh6+ 30. Bf4 Rxd3+ 31. Kxd3 Qe4+ 32. Kc3 Bxf4 33. Qd7+ Kh6 34.
Rbe1 Be5+ 35. Kd2 Bf4+ 36. Kc3 Be5+ 37. Kd2 Qf4+ 38. Re3 Qh2+ 39. Kd3 Bg4 40.
Rfe1 Bxd7 41. Rxe5 Qxh4 42. R5e4 Bf5 43. Kd4 Bxe4 44. Rxe4 Qd8+ {BriandAmaury a abandonné} 0-1

[Event "Tournament 14472 - Europe Echecs"]
[Site "Europe Echecs"]
[Date "2020.07.10"]
[Round "6"]
[Time "16:40:13"]
[PlyCount "157"]
[White "BretonVadim"]
[Black "MartinezMartin"]
[WhiteElo "1669"]
[BlackElo "1917"]
[Mode "WEB"]
[Result "0-1"]

1. e4 c5 2. Nf3 d6 3. Bb5+ Nd7 4. O-O a6 5. Bc4 Ngf6 6. d3 g6 7. Nc3 Bg7 8. Be3
b5 9. Bb3 Bb7 10. Re1 O-O 11. Qd2 Qc7 12. Bh6 c4 13. dxc4 bxc4 14. Ba4 Nc5 15.
Bxg7 Kxg7 16. b3 Nxa4 17. bxa4 Qa5 18. Qe3 Bc6 19. Nd2 Bxa4 20. Nxc4 Qb4 21.
Nxa4 Qxc4 22. Nb6 Qxc2 23. Nxa8 Rxa8 24. e5 dxe5 25. Qxe5 e6 26. g4 h6 27. Re3
Qc4 28. Rg3 Qd5 29. Qxd5 Nxd5 30. Kf1 Rb8 31. Rb3 Rc8 32. Rb2 Rc4 33. h3 Rc3 34.
Rb3 Rc2 35. Ra3 Nf4 36. h4 h5 37. g5 a5 38. Rxa5 Nd3 39. a4 Rxf2+ 40. Kg1 Rf4
41. Rd1 Nb2 42. Rd7 Nxa4 43. Raa7 Nc5 44. Rd8 Rxh4 45. Raa8 Rg4+ 46. Kf2 Ne4+
47. Ke3 Nxg5 48. Rg8+ Kf6 49. Ra7 h4 50. Ra1 Rg3+ 51. Ke2 h3 52. Rf1+ Ke7 53.
Rh8 Rg2+ 54. Kd3 e5 55. Ra1 h2 56. Ra7+ Kf6 57. Ra6+ Kf5 58. Ra4 Rg3+ 59. Ke2
Rh3 60. Rxh3 Nxh3 61. Ra1 Ng1+ 62. Kf2 h1=Q 63. Rxg1 Qxg1+ 64. Kxg1 Kf4 65. Kh2
Kf3 66. Kh1 e4 67. Kg1 e3 68. Kf1 f5 69. Ke1 e2 70. Kd2 Kf2 71. Kc2 e1=Q 72. Kb2
Ke3 73. Kc2 Qd2+ 74. Kb3 Qc1 75. Ka2 Kd4 76. Kb3 Qb1+ 77. Ka3 Kc4 78. Ka4 Qa2# {BretonVadim est échec et mat} 0-1

[Event "Tournament 14472 - Europe Echecs"]
[Site "Europe Echecs"]
[Date "2020.07.10"]
[Round "6"]
[Time "16:40:13"]
[PlyCount "109"]
[White "ValleeLouis"]
[Black "TuillierValent"]
[WhiteElo "1864"]
[BlackElo "1607"]
[Mode "WEB"]
[Result "0-1"]

1. d4 Nf6 2. c4 e6 3. a3 Be7 4. Nc3 d5 5. Nf3 b6 6. Bf4 Bb7 7. e3 Nbd7 8. b4 c5
9. bxc5 bxc5 10. Rb1 Qc8 11. cxd5 Bxd5 12. Nxd5 Nxd5 13. Bg3 O-O 14. Be2 Nc3 15.
Qc2 Nxb1 16. Qxb1 cxd4 17. Nxd4 Qc3+ 18. Kf1 Bxa3 19. Nb5 Qc1+ 20. Qxc1 Bxc1 21.
Bf3 Rac8 22. Bd6 Bb2 23. Ke2 Rfd8 24. Bc7 Re8 25. Nd6 Rxc7 26. Nxe8 Rc2+ 27. Ke1
Be5 28. Bd1 Rc8 29. Ba4 Nc5 30. Bb5 a6 31. Nxg7 Kxg7 32. Bc4 Ne4 33. Be2 Rc1+
34. Bd1 Nc3 35. Kd2 Rxd1+ 36. Rxd1 Nxd1 37. Kxd1 Bxh2 38. g3 Kf6 39. Ke2 a5 40.
Kf3 a4 41. Kg2 a3 42. Kxh2 a2 43. Kg2 a1=Q 44. Kf3 Qd1+ 45. Kg2 e5 46. g4 Qxg4+
47. Kf1 h5 48. e4 Qxe4 49. f3 Qxf3+ 50. Kg1 Qe2 51. Kh1 Kg5 52. Kg1 Kg4 53. Kh1
Kg3 54. Kg1 Qg2# {ValleeLouis est échec et mat} 0-1

[Event "Tournament 14472 - Europe Echecs"]
[Site "Europe Echecs"]
[Date "2020.07.10"]
[Round "6"]
[Time "16:40:13"]
[PlyCount "59"]
[White "HasslerTim"]
[Black "DelmasRaphael"]
[WhiteElo "1933"]
[BlackElo "1325"]
[Mode "WEB"]
[Result "0-1"]

1. e4 c5 2. Nf3 d6 3. d4 cxd4 4. Qxd4 Nc6 5. Bb5 Bd7 6. Bxc6 Bxc6 7. Nc3 Nf6 8.
Bg5 e5 9. Qe3 Be7 10. O-O-O h6 11. Bh4 Ng4 12. Bxe7 Nxe3 13. Bxd8 Nxd1 14. Rxd1
Kxd8 15. Nxe5 Ke7 16. Nc4 Rhd8 17. f4 f6 18. Ne3 Rac8 19. Nf5+ Ke6 20. Nxg7+ Kf7
21. Nf5 Ke6 22. Nxh6 Rh8 23. Ng4 f5 24. exf5+ Kxf5 25. Nf2 Rxh2 26. Rxd6 Rxg2
27. Nd3 Rh8 28. Nd5 Rh1+ 29. Ne1 Rxe1# {HasslerTim est échec et mat} 0-1

[Event "Tournament 14472 - Europe Echecs"]
[Site "Europe Echecs"]
[Date "2020.07.10"]
[Round "6"]
[Time "16:40:13"]
[PlyCount "177"]
[White "TomasMaureen"]
[Black "LarmetNino"]
[WhiteElo "1468"]
[BlackElo "1818"]
[Mode "WEB"]
[Result "0-1"]

1. c4 e5 2. Nc3 Nc6 3. g3 g6 4. Bg2 Bg7 5. e3 d6 6. Nge2 Bg4 7. O-O Nge7 8. Re1
O-O 9. d4 exd4 10. exd4 Nxd4 11. Bxb7 Nf3+ 12. Bxf3 Bxf3 13. Qd3 Bb7 14. Be3 Qd7
15. Nf4 Nf5 16. Rac1 Rfe8 17. b3 Nxe3 18. Rxe3 Rxe3 19. Qxe3 Re8 20. Qd3 g5 21.
Ng2 Qc6 22. Qd5 Qxd5 23. Nxd5 Re2 24. Nxc7 Bd4 25. Rf1 Rxa2 26. Ne3 Bxe3 27.
fxe3 Rg2+ 28. Kh1 Rxg3+ 29. Nd5 Bxd5+ 30. cxd5 Rxe3 31. Rf6 Kf8 32. Rxd6 Ke7 33.
Ra6 Rxb3 34. Rxa7+ Kf6 35. d6 Rd3 36. d7 Ke6 37. Ra5 f6 38. Ra6+ Ke7 39. Kg2
Rxd7 40. Kf3 Kf7 41. Kg4 Kg6 42. Re6 h5+ 43. Kg3 Rd3+ 44. Kg2 Rd2+ 45. Kg3 Rd7
46. Ra6 Re7 47. Rd6 Kf5 48. Rd5+ Re5 49. Rd6 Re3+ 50. Kf2 Re5 51. Kg3 Re2 52.
Rd5+ Kg6 53. Rd6 Re4 54. Kf3 Rf4+ 55. Kg3 Rg4+ 56. Kf3 Rh4 57. Kg3 Ra4 58. Re6
Kf5 59. Rd6 h4+ 60. Kg2 Ra2+ 61. Kg1 Ke5 62. Rb6 f5 63. Rb5+ Kf4 64. Rb4+ Ke5
65. Rb5+ Kf4 66. Rb4+ Kf3 67. Rb3+ Kg4 68. h3+ Kh5 69. Rb5 f4 70. Rc5 f3 71. Rf5
f2+ 72. Rxf2 Rxf2 73. Kxf2 Kg6 74. Kf3 Kf5 75. Kg2 Ke4 76. Kf2 Kf4 77. Kg2 Ke3
78. Kg1 Kf3 79. Kh2 Kf2 80. Kh1 Kg3 81. Kg1 Kxh3 82. Kh1 Kg3 83. Kg1 g4 84. Kh1
Kf2 85. Kh2 g3+ 86. Kh1 g2+ 87. Kh2 g1=Q+ 88. Kh3 Qg3# {TomasMaureen est échec et mat} 0-1

[Event "Tournament 14472 - Europe Echecs"]
[Site "Europe Echecs"]
[Date "2020.07.10"]
[Round "6"]
[Time "16:40:13"]
[PlyCount "52"]
[White "CarlierBromber"]
[Black "GalhaudVictor"]
[WhiteElo "1790"]
[BlackElo "1446"]
[Mode "WEB"]
[Result "1-0"]

1. e4 Nc6 2. d4 d5 3. exd5 Qxd5 4. Be3 Nf6 5. c4 Qa5+ 6. Nc3 Ne4 7. Nge2 Bf5 8.
a3 Nxc3 9. Nxc3 O-O-O 10. b4 Nxb4 11. axb4 Qxb4 12. Qd2 e5 13. d5 a6 14. Be2 Rd6
15. Ra4 Qb3 16. Bd1 Bc2 17. Bxc2 Qb1+ 18. Bxb1 Rxd5 19. cxd5 Ba3 20. Rxa3 Rd8
21. Bf5+ Kb8 22. O-O Rxd5 23. Nxd5 h5 24. Rb1 g5 25. Qb4 h4 26. Qf8# {GalhaudVictor est échec et mat} 1-0

[Event "Tournament 14472 - Europe Echecs"]
[Site "Europe Echecs"]
[Date "2020.07.10"]
[Round "6"]
[Time "16:40:13"]
[PlyCount "81"]
[White "StajkovskiStef"]
[Black "LordierSophia"]
[WhiteElo "1428"]
[BlackElo "1776"]
[Mode "WEB"]
[Result "0-1"]

1. d4 d5 2. Bf4 e6 3. Nf3 Bd6 4. Ne5 Nf6 5. e3 O-O 6. Bd3 b6 7. Nd2 c5 8. c3 Bb7
9. Bg3 Ne4 10. f4 f6 11. Nef3 Nd7 12. Qc2 f5 13. Bh4 Be7 14. Bxe7 Qxe7 15. Rg1
Ndf6 16. Ne5 Nxd2 17. Qxd2 Ne4 18. Bxe4 dxe4 19. g4 cxd4 20. exd4 Qh4+ 21. Qf2
Qe7 22. O-O-O b5 23. gxf5 Rxf5 24. Rg4 h5 25. Rg6 Kh7 26. Rdg1 Rg8 27. R1g5 Rxg5
28. fxg5 Qf8 29. Qh4 Qf1+ 30. Kc2 Qe2+ 31. Kb3 Bd5+ 32. Ka3 b4+ 33. Kxb4 Rb8+
34. Kc5 Qb5+ 35. Kd6 Rb6+ 36. Ke7 Rb7+ 37. Kf8 Rb8+ 38. Ke7 Qb7+ 39. Kd6 Rd8+
40. Kc5 Qb6# {StajkovskiStef est échec et mat} 0-1

[Event "Tournament 14472 - Europe Echecs"]
[Site "Europe Echecs"]
[Date "2020.07.10"]
[Round "6"]
[Time "16:40:13"]
[PlyCount "167"]
[White "DevizaAndrei"]
[Black "AllardNedellecG"]
[WhiteElo "1379"]
[BlackElo "1768"]
[Mode "WEB"]
[Result "0-1"]

1. e4 e6 2. d4 d5 3. e5 c5 4. c3 Nc6 5. Nf3 Nge7 6. Bb5 Ng6 7. Be3 cxd4 8. Bxc6+
bxc6 9. Qxd4 c5 10. Qd3 Qb6 11. b4 Bd7 12. Na3 Rc8 13. O-O Qb7 14. bxc5 Bxc5 15.
Bxc5 Rxc5 16. Rab1 Qc7 17. Nb5 Bxb5 18. Rxb5 O-O 19. Rxc5 Qxc5 20. Rb1 h6 21. h3
Rc8 22. Rc1 Qa3 23. Qd2 Rc4 24. Nd4 Nxe5 25. Nb5 Qa4 26. Nd6 Rc6 27. Qe3 Ng6 28.
Nb7 Qb5 29. Qxa7 Ra6 30. Qb8+ Kh7 31. Qc7 Qb2 32. Rf1 Ra7 33. Qxf7 Qxb7 34. Qxe6
Rxa2 35. Re1 Qb2 36. Qe3 Ra3 37. Qd4 Qxc3 38. Qxc3 Rxc3 39. Rd1 Rc5 40. Kf1 Ne5
41. Ke2 Kg6 42. Ke3 Nc4+ 43. Kd4 Ra5 44. Kc3 Kf6 45. Kb4 Ke5 46. Rc1 Ra2 47. Rf1
Rb2+ 48. Kc3 Kd6 49. g3 Kc5 50. h4 Rb3+ 51. Kxb3 Nd2+ 52. Kc3 Nxf1 53. Kd3 Nh2
54. f4 Ng4 55. Ke2 Kd4 56. Kd2 Ke4 57. Ke2 d4 58. Kd2 Kf3 59. Kd3 Kxg3 60. Kxd4
Kxf4 61. Kd3 Kg3 62. Ke2 Kxh4 63. Kf3 Kh3 64. Kf4 g5+ 65. Kf3 h5 66. Ke2 Kg2 67.
Ke1 h4 68. Ke2 h3 69. Kd3 h2 70. Ke4 h1=Q 71. Kf5 Ne3+ 72. Kxg5 Qh3 73. Kf6 Qg4
74. Ke5 Kf3 75. Kd6 Qg5 76. Kc6 Ke4 77. Kb6 Nc4+ 78. Kc6 Qd5+ 79. Kc7 Qd6+ 80.
Kb7 Kd5 81. Ka8 Qe7 82. Kb8 Kc6 83. Ka8 Qb7# {DevizaAndrei est échec et mat} 0-1

[Event "Tournament 14472 - Europe Echecs"]
[Site "Europe Echecs"]
[Date "2020.07.10"]
[Round "6"]
[Time "16:40:13"]
[PlyCount "132"]
[White "KuhnMathilde"]
[Black "MartellierChar"]
[WhiteElo "1764"]
[BlackElo "1468"]
[Mode "WEB"]
[Result "1/2-1/2"]

1. e4 d5 2. exd5 Nf6 3. d4 Bg4 4. Nf3 Qxd5 5. Be2 Nc6 6. O-O O-O-O 7. Be3 e6 8.
c4 Qd7 9. Ne5 Nxe5 10. dxe5 Qxd1 11. Bxd1 Rxd1 12. Rxd1 Bxd1 13. exf6 gxf6 14.
Nc3 Bh5 15. Ne4 Be7 16. Bd4 e5 17. Bc3 Bg6 18. Ng3 Rd8 19. Re1 Rd7 20. h4 h5 21.
Ne4 b6 22. g3 c5 23. Kg2 Kc7 24. f4 f5 25. Bxe5+ Kc6 26. Nc3 Rd2+ 27. Re2 Rxe2+
28. Nxe2 f6 29. Bc3 Bf7 30. b3 Kd6 31. Kf3 Ke6 32. Bb2 Be8 33. Nc3 Bc6+ 34. Kf2
a6 35. Nd1 b5 36. Ne3 bxc4 37. Nxc4 Bb5 38. Nb6 Bd8 39. Nc4 Bxc4 40. bxc4 Ba5
41. Ke2 Bb4 42. a3 Ba5 43. Bc1 Bc3 44. Be3 Kd6 45. Kd3 Bb2 46. a4 a5 47. Bd2 Bd4
48. Ke2 Kc6 49. Bxa5 Kb7 50. Bd8 Ka6 51. a5 Kb7 52. Kd3 Ka6 53. Kc2 Kb7 54. Kb3
Ka6 55. Ka4 Bf2 56. Bxf6 Bxg3 57. Bg5 Bf2 58. Bd8 Bg3 59. Be7 Bf2 60. Bd8 Be3
61. Bc7 Bf2 62. Bd6 Be3 63. Be5 Bf2 64. Bd6 Be3 65. Bc7 Bf2 66. Bd8 {Nulle par répétition} 1/2-1/2

[Event "Tournament 14472 - Europe Echecs"]
[Site "Europe Echecs"]
[Date "2020.07.10"]
[Round "6"]
[Time "16:40:13"]
[PlyCount "103"]
[White "BelGirardotCha"]
[Black "FloresVictor"]
[WhiteElo "1361"]
[BlackElo "1741"]
[Mode "WEB"]
[Result "0-1"]

1. e4 c5 2. Nf3 g6 3. d4 cxd4 4. Nxd4 Nc6 5. c4 Nf6 6. Nc3 d6 7. Nc2 Bg7 8. Bd3
O-O 9. O-O Be6 10. Ne3 Nd7 11. Bd2 Nc5 12. Rb1 Nxd3 13. Ncd5 Nc5 14. b4 Nxe4 15.
b5 Nxd2 16. bxc6 bxc6 17. Nxe7+ Qxe7 18. Qxd2 Bh6 19. f4 Rfe8 20. Rbe1 Qc7 21.
g4 Qb6 22. Kg2 Rad8 23. f5 Bc8 24. fxg6 hxg6 25. Qf2 Qb7 26. Rb1 Qe7 27. Rbe1
Bxe3 28. Rxe3 Qxe3 29. Qxf7+ Kh8 30. Qf6+ Kh7 31. Qh4+ Qh6 32. Rf7+ Kg8 33. Qxh6
Kxf7 34. Qf4+ Kg7 35. Qd4+ Kh7 36. Qxa7+ Rd7 37. Qf2 Rde7 38. Qh4+ Kg7 39. g5
Re2+ 40. Kf1 Re1+ 41. Kg2 R8e2+ 42. Kf3 Re3+ 43. Kf2 R1e2+ 44. Kg1 Bf5 45. Qd4+
Kh7 46. Qa7+ Re7 47. Qd4 Rxa2 48. Qh4+ Kg7 49. Qh6+ Kg8 50. Qh4 Re4 51. Qg3 Rg4 {BelGirardotCha a abandonné} 0-1

[Event "Tournament 14472 - Europe Echecs"]
[Site "Europe Echecs"]
[Date "2020.07.10"]
[Round "6"]
[Time "16:40:13"]
[PlyCount "65"]
[White "SureauCorentin"]
[Black "DevezeArmand"]
[WhiteElo "1686"]
[BlackElo "1425"]
[Mode "WEB"]
[Result "1/2-1/2"]

1. e4 d5 2. exd5 Qxd5 3. Nc3 Qa5 4. d4 Nf6 5. Nf3 Bg4 6. h3 Bxf3 7. Qxf3 c6 8.
Bf4 Nbd7 9. Bc4 e6 10. O-O-O Bb4 11. Ne4 Nd5 12. Nd6+ Bxd6 13. Bxd6 N7b6 14. Bb3
Nb4 15. a3 N4d5 16. Rhe1 O-O-O 17. Be5 f6 18. Bh2 Rde8 19. Qg3 Nd7 20. c4 Nc7
21. Ba2 e5 22. dxe5 Nxe5 23. Qxg7 Nd3+ 24. Kb1 Nxe1 25. b4 Qf5+ 26. Ka1 Nc2+ 27.
Kb2 Na6 28. b5 Rhg8 29. Qf7 Rgf8 30. Qg7 Rg8 31. Qf7 Rgf8 32. Qg7 Rg8 {Nulle par répétition} 1/2-1/2

[Event "Tournament 14472 - Europe Echecs"]
[Site "Europe Echecs"]
[Date "2020.07.10"]
[Round "6"]
[Time "16:40:13"]
[PlyCount "49"]
[White "PhambanienJacq"]
[Black "VerhilleGabin"]
[WhiteElo "1204"]
[BlackElo "1660"]
[Mode "WEB"]
[Result "0-1"]

1. e4 c5 2. Nf3 Nc6 3. d4 cxd4 4. Nxd4 g6 5. Nc3 Bg7 6. Be3 Nf6 7. Bc4 O-O 8.
O-O Nxe4 9. Nxe4 d5 10. Nxc6 bxc6 11. Bd3 dxe4 12. Bxe4 Be6 13. Bxc6 Rc8 14. Bf3
Bxb2 15. Rb1 Bc3 16. Bxa7 Bxa2 17. Rb7 Bc4 18. Rd7 Qa5 19. Be2 Bxe2 20. Qxe2 e6
21. Rfd1 Rfd8 22. Qd3 Bf6 23. Qf3 Rxd7 24. Rxd7 Qe1# {PhambanienJacq est échec et mat} 0-1

[Event "Tournament 14472 - Europe Echecs"]
[Site "Europe Echecs"]
[Date "2020.07.10"]
[Round "6"]
[Time "16:40:13"]
[PlyCount "68"]
[White "AtliCeline"]
[Black "MaufroyAlexand"]
[WhiteElo "1640"]
[BlackElo "1424"]
[Mode "WEB"]
[Result "1-0"]

1. d4 Nf6 2. Nf3 d5 3. g3 e6 4. Bg2 Be7 5. O-O O-O 6. c4 c5 7. Nc3 dxc4 8. dxc5
Qxd1 9. Rxd1 Bxc5 10. Ne5 Nbd7 11. Nxc4 Nb6 12. Ne5 Rb8 13. Bf4 Nbd5 14. Nxd5
Nxd5 15. Bxd5 exd5 16. Rxd5 Bb6 17. Nd7 Ra8 18. Nxf8 Kxf8 19. Rad1 Be6 20. R5d3
Bxa2 21. b3 Re8 22. e3 g5 23. Bd6+ Kg7 24. Bb4 Re4 25. Bc3+ f6 26. Bb2 Rb4 27.
Rd7+ Kg6 28. R7d6 Rxb3 29. Rxf6+ Kh5 30. Bd4 Bxd4 31. Rxd4 Rb1+ 32. Kg2 b5 33.
g4+ Kh4 34. Rh6# {MaufroyAlexand est échec et mat} 1-0